The Potential Of Some Juvenoids, Precocenes And Botanical Extracts For The Control Of Muscina Stabulans (Fall'en) (Diptera - Muscidae) / (رقم التسجيلة. 179712)

تفاصيل مارك
000 -LEADER
fixed length control field 01670namaa22003371i 4500
005 - أخر تعامل مع التسجيلة
control field 20260621132547.0
008 - FIXED-LENGTH DATA ELEMENTS--GENERAL INFORMATION
fixed length control field 260426s1995 ua a|||frm||| 000 0 eng d
040 ## - CATALOGING SOURCE
Original cataloguing agency EG-GICUC
Language of cataloging eng
Transcribing agency EG-GICUC
Modifying agency EG-GICUC
Description conventions rda
041 0# - LANGUAGE CODE
Language code of text/sound track or separate title eng
Language code of summary or abstract eng
-- ara
049 ## - Acquisition Source
Acquisition Source Deposit
097 ## - Degree
Degree Ph.D
099 ## - LOCAL FREE-TEXT CALL NUMBER (OCLC)
Local Call Number Cai01.12.14.Ph.D.1995.Ma.P.
100 0# - MAIN ENTRY--PERSONAL NAME
Authority record control number or standard number Mamdouh Mohamed Ibrahim Nassar,
Preparation preparation.
245 10 - TITLE STATEMENT
Title The Potential Of Some Juvenoids, Precocenes And Botanical Extracts For The Control Of Muscina Stabulans (Fall'en) (Diptera - Muscidae) /
Statement of responsibility, etc. By Mamdouh Mohamed Ibrahim Nassar; Supervised By Prof. Dr. Aly EL-Moursy, Prof Dr. Refaat G. Abou EL-Ela, Prof. Dr. Fatima Jackson, Dr. Karem EL-Saeyd Ghoneim.
246 15 - VARYING FORM OF TITLE
Title proper/short title تحد يد بعض مشابهات هرمونات الشباب والبروكسينات والمستخلصات النباتية لامكانية مكافحة ذبابة " ماسينا استابيولانس"
264 #0 - PRODUCTION, PUBLICATION, DISTRIBUTION, MANUFACTURE, AND COPYRIGHT NOTICE
Date of production, publication, distribution, manufacture, or copyright notice 1995.
300 ## - PHYSICAL DESCRIPTION
Extent 212 Leaves :
Other physical details illustrations ;
Dimensions 30 cm. +
336 ## - CONTENT TYPE
Source rda content
Content type term text
337 ## - MEDIA TYPE
Source rdamedia
Media type term Unmediated
338 ## - CARRIER TYPE
Source rdacarrier
Carrier type term volume
502 ## - DISSERTATION NOTE
Dissertation note Thesis (Ph.D)-Cairo University, 1995.
504 ## - BIBLIOGRAPHY, ETC. NOTE
Bibliography, etc. note Bibliography: pages 174-212.
653 #0 - INDEX TERM--UNCONTROLLED
Uncontrolled term Entomology
700 0# - ADDED ENTRY--PERSONAL NAME
Personal name Aly EL-Moursy
Relator term thesis advisor.
700 0# - ADDED ENTRY--PERSONAL NAME
Personal name Refaat G. Abou EL-Ela
Relator term thesis advisor.
700 0# - ADDED ENTRY--PERSONAL NAME
Personal name Fatima Jackson
Relator term thesis advisor.
700 0# - ADDED ENTRY--PERSONAL NAME
Personal name Karem EL-Saeyd Ghoneim
Relator term thesis advisor.
900 ## - Thesis Information
Department Department of Entomology
Faculties Faculty of Science
Universities Cairo University
Grant date 1995
Supervisory body Aly EL-Moursy
-- Refaat G. Abou EL-Ela
-- Fatima Jackson
-- Karem EL-Saeyd Ghoneim
905 ## - Cataloger and Reviser Names
Cataloger Name Eman El gebaly
Reviser Names Nourhan
942 ## - ADDED ENTRY ELEMENTS (KOHA)
Source of classification or shelving scheme Dewey Decimal Classification
Koha item type Thesis
Edition 21
Suppress in OPAC No
المقتنيات
Source of classification or shelving scheme Home library Current library Date acquired Inventory number Full call number Barcode Date last seen Effective from Koha item type
Dewey Decimal Classification المكتبة المركزبة الجديدة - جامعة القاهرة مكتبة المئوية 26.04.2026 26937 Cai01.12.14.Ph.D.1995.Ma.P. 01010110026937000 26.04.2026 26.04.2026 Thesis
Cairo University Libraries Portal Implemented & Customized by: Eng. M. Mohamady Contacts: new-lib@cl.cu.edu.eg | cnul@cl.cu.edu.eg
CUCL logo CNUL logo
© All rights reserved — Cairo University Libraries
CUCL logo
Implemented & Customized by: Eng. M. Mohamady Contact: new-lib@cl.cu.edu.eg © All rights reserved — New Central Library
CNUL logo
Implemented & Customized by: Eng. M. Mohamady Contact: cnul@cl.cu.edu.eg © All rights reserved — Cairo National University Library